=LDR 00000nam 2200000 4500 =001 INLIS000000000034781 =005 20140516154709.0 =006 =007 =008 ind =035 ##$$a 0010-061300000034781 =041 ##$$a ind =082 ##$$a 507 =090 ##$$a 507, Dew k =100 ##$$a Dewi, Shinta =245 ##$$a Keterampilan proses sains, Shinta dewi =260 ##$$a 2009 $b Bogor =300 ##$$a xi,170 hlm, Ilus, 25 cm =650 ##$$a Sains Studi Dan Pengejaran =850 ##$$a NBPNMAT =990 ##$$a 21400613/BPAP-NTB/20142014 =990 ##$$a 0001/BPAP-NTB/20142014 =990 ##$$a 0001/BPAP-NTB/20142014 =990 ##$$a 21400266/BPAP-NTB/2014 =990 ##$$a 21400267/BPAP-NTB/2014 =990 ##$$a 21400613/BPAP-NTB/20142014